| 000 | 00000nam 2200000zi 4500 |
| 001 | 9.927323 |
| 003 | CaOODSP |
| 005 | 20251001153946 |
| 006 | m o d f |
| 007 | cr ||||||||||| |
| 008 | 230915t20232023onc o f000 0 fre d |
| 020 | |a9780660679501 |
| 040 | |aCaOODSP|bfre|erda|cCaOODSP |
| 043 | |an-cn--- |
| 086 | 1 |aT94-28/2023F-PDF |
| 245 | 00|aFonds pour les solutions de transport en commun en milieu rural : |bguide de demande pour les subventions de conception et de planification. |
| 250 | |aÉdition révisée. |
| 264 | 1|aOttawa (Ontario) : |bInfrastructure Canada, |c2023. |
| 264 | 4|c©2023 |
| 300 | |a1 ressource en ligne (10 pages) |
| 336 | |atexte|btxt|2rdacontent/fre |
| 337 | |ainformatique|bc|2rdamedia/fre |
| 338 | |aressource en ligne|bcr|2rdacarrier/fre |
| 500 | |aTitre de la couverture. |
| 500 | |aPublié aussi en anglais sous le titre : Rural Transit Solutions Fund : application guide for the planning and design stream. |
| 650 | 6|aAide de l'État aux transports publics|zCanada. |
| 650 | 6|aTransports ruraux|zCanada|xFinances. |
| 710 | 1 |aCanada. |bInfrastructure Canada, |eorganisme de publication. |
| 775 | 08|tRural Transit Solutions Fund : |w(CaOODSP)9.927322 |
| 794 | |tFonds pour les solutions de transport en commun en milieu rural : |w(CaOODSP)9.955883 |
| 795 | |tFonds pour les solutions de transport en commun en milieu rural : |w(CaOODSP)9.902229 |
| 856 | 40|qPDF|s333 Ko|uhttps://publications.gc.ca/collections/collection_2023/infc/T94-28-2023-fra.pdf |